00564nam a2200145Ia 450000500170000000800410001702000180005805000230007610000220009924501170012126000550023830000340029350000330032765000580036020140528103808.0140527s9999 xx 000 0 und d a9781781579954 aTR 267b.F855 2013 aFreeman, Michael. aDigital image editing & special effects :bmaster the key techniques of photoshop & lightroom /cMichael Freeman aEast Sussex, UK :bThe ILEX Press Limited,cc2013. a160 p. ;bcol. ill. ;c21 cm. aIncludes glossary and index. aPhotographyxDigital techniques -- Computer programs.